ბათუმის შოთა რუსთაველის სახელმწიფო უნივერსიტეტის ბიბლიოთეკა

მიკროსკოპის მზა სლაიდები ბიოლოგიაში = AmScope PS50A. Microscope Slide Set for Basic Biological Science Education, 50 biology and Pathology Slides (ბიბ.ჩანაწერი № 53664)

000 -ლიდერი
ფიქსირებული სიგრძის საკონტროლო ველი 00848nam a2200217Ia 4500
001 - საკონტროლო ნომერი
საკონტროლო ველი 20711
003 - საკონტროლო ნომრის იდენტიფიკატორი
საკონტროლო ველი GE_BSU
005 - ბოლო ოპერაციის თარიღი და დრო
საკონტროლო ველი 20210307000848.0
008 - ფიქსირებული სიგრძის მონაცემთა ელემენტები - ზოგადი ინფორმაცია
ფიქსირებული სიგრძის საკონტროლო ველი 181216s2017||||ge |||||||||||||| ||geo||
040 ## - კატალოგიზაციის წყარო
Transcribing agency GE_BSU
041 ## - ენის კოდი
Language code of text/sound track or separate title geo
080 ## - უნივერსალური ათობითი კლასიფიკაციის ინდექსი
Universal Decimal Classification number 57.004 მ-66
245 ## - ცნობა სათაურის შესახებ
Title მიკროსკოპის მზა სლაიდები ბიოლოგიაში = AmScope PS50A. Microscope Slide Set for Basic Biological Science Education, 50 biology and Pathology Slides
264 ## - წარმოების, გამოცემის, დისტრიბუციის და სხვა ცნობები
გამოცემის, წარმოების, დისტრიბუციის... თარიღი 2017.
300 ## - ფიზიკური აღწერა
Extent Slides
653 ## - INDEX TERM--UNCONTROLLED
Uncontrolled term AmScope PS50A. Microscope Slide Set for Basic Biological Science Education, 50 biology and Pathology Slides
653 ## - INDEX TERM--UNCONTROLLED
Uncontrolled term მიკროსკოპის მზა სლაიდები ბიოლოგიაში
653 ## - INDEX TERM--UNCONTROLLED
Uncontrolled term სლაიდები
942 ## - ADDED ENTRY ELEMENTS (KOHA)
Koha item type კომპიუტერის ფაილები
Source of classification or shelving scheme
ეგზემპლარები
ჩამოწერის სტატუსი დაკარგული ეგზემპლარის სტატუსი კლასიფიკაციის წყარო ან თაროზე გაწყობის სქემა დაზიანების სტატუსი არ გაიცემა მუდმივი მდებარეობა (დაცვის ადგილი) ამჟამინდელი ადგილსამყოფელი თაროზე განთავსების ადგილი შეძენის თარიღი ღირებულება, შესყიდვის ნორმალური ფასი სრული შენახვის შიფრი შტრიხკოდი ბოლო ოპერაციის თარიღი ეგზემპლარის მიმდევრობითი ნომერი (კეტერი?) ფასის ძალაში შესვლის თარიღი ეგზემპლარის სახეობა საჯარო შენიშვნა
          ბათუმის შოთა რუსთაველის სახელმწიფო უნივერსიტეტის მთავარი ბიბლიოთეკა ბათუმის შოთა რუსთაველის სახელმწიფო უნივერსიტეტის მთავარი ბიბლიოთეკა წიგნსაცავი 2018-12-17 151.00 57.004 მ-66 54018 2018-12-17 54018 2018-12-17 კომპიუტერის ფაილები 151.00 ლ.